Inflation at risk
Riziková inflácia (IaR) sa vzťahuje na koncové časti rozloženia inflácie v horizonte prognózy. Študujeme IaR pomocou kvantilových regresií v paneli krajín OECD na vzorke, ktorá zahŕňa globálnu finančnú krízu a nárast inflácie počas pandémie Covid-19. Po prvé, zisťujeme, že aj keď bol v poslednom čas...
Gespeichert in:
| 1. Verfasser: | |
|---|---|
| Weitere Verfasser: | |
| Format: | Buchkapitel |
| Sprache: | Englisch |
| Schlagworte: | |
| Tags: |
Keine Tags, Fügen Sie das erste Tag hinzu!
|
MARC
| LEADER | 00000naa a2200000 4500 | ||
|---|---|---|---|
| 001 | 0303980 | ||
| 005 | 20240906092317.0 | ||
| 041 | 0 | |a eng | |
| 044 | |a NL | ||
| 245 | 1 | 0 | |a Inflation at risk |c David López-Salido, Francesca Loria |
| 520 | |a Riziková inflácia (IaR) sa vzťahuje na koncové časti rozloženia inflácie v horizonte prognózy. Študujeme IaR pomocou kvantilových regresií v paneli krajín OECD na vzorke, ktorá zahŕňa globálnu finančnú krízu a nárast inflácie počas pandémie Covid-19. Po prvé, zisťujeme, že aj keď bol v poslednom čase podmienený priemer inflácie nízky a stabilný, v chvostoch bola značná variabilita. Po druhé, finančné podmienky majú nelineárny vplyv na prediktívne rozdelenie inflácie. Po tretie, úloha ekonomických hnacích síl IaR sa časom zmenila. | ||
| 610 | 2 | 0 | |a inflácia |
| 610 | 2 | 0 | |a riziko |
| 610 | 2 | 0 | |a pandémia |
| 610 | 2 | 0 | |a OECD |
| 610 | 2 | 0 | |a financie |
| 100 | 1 | |a López-Salido, David | |
| 700 | 1 | |a Loria, Francesca | |